2000s UEFA Cup Winners XI - Statistics

General Stats
  • This quiz has been taken 3 times
  • The average score is 31 of 110
Answer Stats
Position Nationality Answer % Correct
FW Russia Andrey Arshavin
100%
MF Portugal Deco
100%
MF Germany Dietmar Hamann
100%
FW England Emile Heskey
100%
FW Mali Frederic Kanoute
100%
MF Romania Gheorge Hagi
100%
GK Russia Igor Akinfeev
100%
DF Portugal Jorge Costa
100%
FW England Michael Owen
100%
DF Finland Sami Hyypia
100%
MF England Steven Gerrard
100%
GK Brazil Claudio Taffarel
67%
DF Brazil Dani Alves
67%
MF Brazil Daniel Carvalho
67%
FW Turkey Hakan Sukur
67%
DF England Jamie Carragher
67%
FW Brazil Luis Fabiano
67%
MF Portugal Maniche
67%
MF Turkey Okan Buruk
67%
DF Portugal Paulo Ferreira
67%
DF Portugal Ricardo Carvalho
67%
GK Netherlands Sander Westerveld
67%
GK Spain Santiago Canizares
67%
DF Switzerland Stephane Henchoz
67%
FW Brazil Vagner Love
67%
GK Portugal Vitor Baia
67%
MF Brazil Adriano
33%
DF Russia Aleksei Berezutski
33%
DF Ukraine Anatoliy Tymoshchuk
33%
GK Ukraine Andriy Pyatov
33%
DF Turkey Bulent Korkmaz
33%
MF Portugal Costinha
33%
DF Spain Curro Torres
33%
MF England Danny Murphy
33%
DF Croatia Darijo Srna
33%
MF Spain David Albelda
33%
MF Russia Dimitri Alenichev
33%
MF Brazil Fernandinho
33%
MF Scotland Gary McAllister
33%
FW Croatia Ivica Olic
33%
FW Argentina Javier Saviola
33%
MF Spain Jose Luis Marti
33%
FW Brazil Luis Adriano
33%
DF Germany Markus Babbel
33%
FW Netherlands Pierre van Hooijdonk
33%
DF Argentina Roberto Ayala
33%
DF Russia Sergei Ignashevich
33%
DF Russia Vasili Berezutski
33%
MF Brazil Willian
33%
MF Russia Yuri Zhirkov
33%
MF Russia Aleksandr Anyukov
0%
DF Italy Amedeo Carboni
0%
GK Spain Andres Palop
0%
DF Spain Antonio Puerta
0%
FW Turkey Arif Erdem
0%
FW Ivory Coast Bonaventure Kalou
0%
DF Brazil Capone
0%
FW Portugal Capucho
0%
DF Spain Carlos Marchena
0%
MF Nigeria Chidi Odiah
0%
DF Ghana Christian Gyan
0%
MF Denmark Christian Poulsen
0%
DF Spain David Castedo
0%
FW Brazil Derlei
0%
DF Ukraine Dmytro Chyhrynskyi
0%
GK Netherlands Edwin Zoetebier
0%
MF Bosnia & Herzegovina Elvir Rahimic
0%
MF Italy Enzo Maresca
0%
DF Turkey Ergun Penbe
0%
MF Russia Evgeni Aldonin
0%
FW Turkey Fatih Tekke
0%
MF Spain Francisco Rufete
0%
DF Romania Gheorge Popescu
0%
DF Russia Igor Denisov
0%
MF Brazil Ilsinho
0%
DF Serbia Ivica Dragutinovic
0%
DF Croatia Ivica Krizanac
0%
MF Brazil Jadson
0%
DF Spain Javi Navarro
0%
MF Spain Jesus Navas
0%
MF Denmark Jon Dahl Tomasson
0%
DF France Julien Escude
0%
DF Netherlands Kees van Wonderen
0%
MF Russia Konstantin Zyryanov
0%
MF Poland Mariusz Lewandowski
0%
FW Spain Miguel Angel Angulo
0%
FW Spain Mista
0%
DF Portugal Nuno Valente
0%
DF Ukraine Oleksandr Kucher
0%
DF Netherlands Patrick Paauwe
0%
MF Netherlands Paul Bosvelt
0%
MF Czech Republic Radek Sirl
0%
DF Romania Razvan Rat
0%
FW Netherlands Robin van Persie
0%
MF Russia Roman Shirokov
0%
MF Spain Ruben Baraja
0%
MF Japan Shinji Ono
0%
MF Turkey Suat Kaya
0%
DF Poland Tomasz Rzasa
0%
MF Turkey Umit Davala
0%
MF Spain Vicente
0%
MF Russia Viktor Fayzulin
0%
GK Russia Vyacheslav Malafeev
0%
No matching quizzes found
Score Distribution
Percent of People with Each Score
Percentile by Number Answered
Your Score History
You have not taken this quiz